Zimowe Igrzyska Olimpijskie 2026 - konkurencje medalowe - Statystyki

Ogólne statystyki
  • Ten quiz został rozwiązany 38 razy
    25 od ostatniego zresetowania
  • Średni wynik to 23 z 94
Statystyki odpowiedzi
Konkurencja medalowa % Poprawnych
Narciarstwo alpejskie Gigant kobiet
73%
Narciarstwo alpejskie Gigant mężczyzn
73%
Narciarstwo alpejskie Slalom kobiet
68%
Narciarstwo alpejskie Slalom mężczyzn
68%
Biathlon Sztafeta mężczyzn (4×7,5 km)
59%
Skialpinizm Sprint kobiet
55%
Skialpinizm Sprint mężczyzn
55%
Skeleton Mężczyźni
50%
Skeleton Mężczyźni
50%
Skoki narciarskie Skocznia duża indywidualnie kobiet (nowość)
50%
Skoki narciarskie Skocznia duża indywidualnie mężczyzn
50%
Skoki narciarskie Skocznia normalna indywidualnie mężczyzn
50%
Narciarstwo alpejskie Zjazd kobiet
50%
Narciarstwo alpejskie Zjazd mężczyzn
50%
Narciarstwo dowolne Cross mężczyzn / kobiet
45%
Narciarstwo dowolne Halfpipe mężczyzn / kobiet
45%
Snowboard Halfpipe mężczyzn / kobiet
45%
Narciarstwo dowolne Slopestyle mężczyzn / kobiet
45%
Snowboard Slopestyle mężczyzn / kobiet
45%
Biegi narciarskie 10 km klasycznie kobiet
41%
Biegi narciarskie Sprint drużynowy dowolny mężczyzn / kobiet
41%
Łyżwiarstwo szybkie 1000 m mężczyzn / kobiet
36%
Short track 1000 m mężczyzn / kobiet
36%
Łyżwiarstwo szybkie 500 m mężczyzn / kobiet
36%
Short track 500 m mężczyzn / kobiet
36%
Łyżwiarstwo szybkie Bieg na 500 m + 1000 m (kombinacja dystansów) mężczyzn / kobiet
36%
Narciarstwo dowolne Big air mężczyzn / kobiet
36%
Snowboard Big air mężczyzn / kobiet
36%
Skoki narciarskie Duety
36%
Snowboard Gigant równoległy mężczyzn / kobiet
36%
Narciarstwo dowolne Skoki akrobatyczne mężczyzn / kobiet
36%
Łyżwiarstwo szybkie 1500 m mężczyzn / kobiet
32%
Short track 1500 m mężczyzn / kobiet
32%
Narciarstwo dowolne Moguls mężczyzn / kobiet
32%
Snowboard Slalom równoległy mężczyzn / kobiet
32%
Snowboard Snowboard cross mężczyzn / kobiet
32%
Biegi narciarskie Sprint klasyczny mężczyzn / kobiet
32%
Narciarstwo alpejskie Supergigant kobiet
32%
Narciarstwo alpejskie Supergigant mężczyzn
32%
Łyżwiarstwo szybkie Wyścig masowy mężczyzn / kobiet
32%
Łyżwiarstwo szybkie 10000 m mężczyzn
27%
Biegi narciarskie 15 km klasycznie mężczyzn
27%
Bobsleje Dwójki kobiet
27%
Bobsleje Dwójki mężczyzn
27%
Łyżwiarstwo szybkie 3000 m kobiet
23%
Łyżwiarstwo szybkie 5000 m mężczyzn
23%
Bobsleje Czwórki mężczyzn
23%
Skialpinizm Sztafeta mieszana
23%
Biegi narciarskie Sztafeta mieszana (2×5 km + 2×7,5 km)
23%
Biathlon Sztafeta mieszana (2×6 km + 2×7,5 km)
23%
Narciarstwo dowolne Sztafeta mieszana cross
23%
Skeleton Sztafeta mieszana (nowość)
23%
Biegi narciarskie Sztafeta 4×5 km kobiet
18%
Biathlon Sztafeta kobiet (4×6 km)
18%
Curling Turniej kobiet
18%
Hokej na lodzie Turniej kobiet
18%
Curling Turniej mężczyzn
18%
Hokej na lodzie Turniej mężczyzn
18%
Curling Turniej par mieszanych
18%
Biathlon Bieg masowy 12,5 km kobiet
14%
Biathlon Bieg masowy 15 km mężczyzn
14%
Bobsleje Monobob kobiet
14%
Saneczkarstwo Jedynki kobiet
9%
Saneczkarstwo Jedynki mężczyzn
9%
Biegi narciarskie Sztafeta 4×10 km mężczyzn
9%
Biathlon Bieg indywidualny 15 km kobiet
5%
Saneczkarstwo Dwójki kobiet
5%
Narciarstwo alpejskie Kombinacja alpejska kobiet
5%
Narciarstwo alpejskie Kombinacja alpejska mężczyzn
5%
Łyżwiarstwo figurowe Pary sportowe
5%
Łyżwiarstwo figurowe Pary taneczne
5%
Łyżwiarstwo figurowe Zawody drużynowe
5%
Biegi narciarskie 30 km dowolnie (masowy start) kobiet
0%
Biegi narciarskie 50 km dowolnie (masowy start) mężczyzn
0%
Biathlon Bieg indywidualny 20 km mężczyzn
0%
Biathlon Bieg pościgowy 10 km kobiet
0%
Biathlon Bieg pościgowy 12,5 km mężczyzn
0%
Narciarstwo alpejskie Drużynowa kombinacja alpejska (mieszana)
0%
Skoki narciarskie Drużynowo mieszane
0%
Narciarstwo dowolne Dual moguls kobiet
0%
Narciarstwo dowolne Dual moguls mężczyzn
0%
Łyżwiarstwo figurowe Indywidualnie kobiety
0%
Łyżwiarstwo figurowe Indywidualnie mężczyźni
0%
Biegi narciarskie Skiathlon 15 km kobiet
0%
Biegi narciarskie Skiathlon 30 km mężczyzn
0%
Snowboard Snowboard cross drużynowy mieszany
0%
Biathlon Sprint 10 km mężczyzn
0%
Biathlon Sprint 7,5 km kobiet
0%
Short track Sztafeta 2000 m mieszana
0%
Short track Sztafeta 3000 m kobiet
0%
Short track Sztafeta 5000 m mężczyzn
0%
Saneczkarstwo Sztafeta drużynowa (mieszana)
0%
Łyżwiarstwo szybkie Wyścig drużynowy kobiet
0%
Łyżwiarstwo szybkie Wyścig drużynowy mężczyzn
0%
Nie znaleziono quizów pasujących do podanych kryteriów
Rozkład punktacji
Procent ludzi z każdym wynikiem
Percentyl według liczby udzielonych odpowiedzi
Twoja historia wyników
Nie rozwiązałeś tego quizu od ostatniego zresetowania